| 000 | 00502nam a22001337a 4500 | ||
|---|---|---|---|
| 005 | 20241023095549.0 | ||
| 008 | 241023b |||||||| |||| 00| 0 eng d | ||
| 100 |
_aAsuncion-Feliciano, Lisa. _eauthor. _963380 |
||
| 245 |
_aPostcard : _blet's fika in stockhohm! / _cLisa Asuncion-Feliciano. |
||
| 260 |
_aPhilippines; _bPhilippine Graphic Publishing Inc., _cFebruary 2020. |
||
| 300 |
_aVolume 20, pages 34-38, _billustration. |
||
| 700 |
_aAsuncion-Feliciano, Lisa. _eauthor. _963381 |
||
| 942 |
_2ddc _cPER |
||
| 999 |
_c22849 _d22849 |
||